000 01359nam a2200397 i 4500
001 44266
003 ES-MaCES
005 20161007193441.0
008 120120s2013 sp d t 000 | spa d
017 _aM 17210-2013
_bDL
020 _a9788492737161
040 _aES-MaCES
_bspa
_cES-MaCES
100 1 _aOtero Moreno, Marta
_934747
245 1 0 _aPagos electrónicos
_b: costes y beneficios de la sustitución del efectivo por tarjeta
_cMarta Otero Moreno, Manuel Sánchez Fernández, Pablo Almagro Cordón
260 _aMadrid
_bIEE, Instituto de Estudios Económicos
_c[2013]
300 _a93 p.
_c21 cm
490 1 _aPunto de vista
504 _aBibliografía: p. 91-93
541 _cGratuito
650 4 _atarjeta de crédito
_931193
650 4 _asistema de pagos
_928172
650 4 _atecnología de la información
_930104
650 4 _aanálisis de costes y beneficios
_928281
650 4 _aeficacia
_930813
650 4 _aeconomía sumergida
_929567
650 4 _aEspaña
_926964
650 4 _aanálisis económico
_927070
650 4 _926752
_aUE
653 1 0 _aFinanciación
700 1 _934748
_aSánchez Fernández, Manuel
700 1 _934749
_aAlmagro Cordón, Pablo
710 2 _aInstituto de Estudios Económicos (Madrid)
_eed.
_94156
830 0 _aPunto de vista
_932239
902 _aLIB Libro
942 _2CES
_cBK
_h0.0.
999 _c44266
_d44266